000 00495nam a22002177a 4500
003 UA-OsUOA
001 42186
007 ta
008 20081128b un ||||| |||| 00| 0 ukr d
090 _a7
942 _cBR
040 _aUA-OsUOA
_bukr
_cUA-OsUOA
_dUA-OsUOA
245 _a5 канадських модерністів
300 _a16 с.
955 _a4
041 _aukr
080 _a7
260 _c1972
650 7 _a7 Мистецтво. Ігри. Спорт.
_2UDC
999 _c440686
_d440686